La batalla de la luna rosada (Registro nro. 2795)

Detalles MARC
000 -CABECERA
Longitud fija campo de control 01033nam a2200289Ia 4500
005 - • FECHA Y HORA DE LA ÚLTIMA TRANSACCIÓN
Fecha y hora de la última transacción 20220316235955.0
008 - • CÓDIGOS DE INFORMACIÓN DE LONGITUD FIJA
Códigos de información de longitud fija 141031s2008 mx a g 000 f spa
020 ## - • NÚMERO INTERNACIONAL NORMALIZADO PARA LIBROS
Número Internacional Normalizado para Libros (ISBN) 9789681647582
040 ## - FUENTE DE LA CATALOGACIÓN
Centro catalogador de origen CO-BoRNBP
Lengua de catalogación spa
Normas de descripción rda
Centro transcriptor CO-BoRNBP
084 ## - • Clasificación Local Alfanúmerica PNLB
Número de clasificación N BER1
100 1# - • PUNTO DE ACCESO PRINCIPAL-NOMBRE DE PERSONA
Nombre de persona Bernal Pinilla, Luis Darío,
Fechas asociadas al nombre 1950-
245 13 - • TITULO PROPIAMENTE DICHO
Título La batalla de la luna rosada
Mención de responsabilidad, etc. Luis Darío Bernal Pinilla ; ilustraciones de Emilio Watanabe
250 ## - • MENCIÓN DE EDICIÓN
Mención de edición Segunda edición
264 ## - PRODUCCIÓN, PUBLICACIÓN , DISTRIBUCIÓN, FABRICACIÓN Y COPYRIGHT
Lugar de producción, publicación, distribución, fabricación México
Nombre del productor, editor, distribuidor, fabricante Fondo de Cultura Económica
Fecha de de producción, publicación, distribución, fabricación o copyright 2008
300 ## - • DESCRIPCIÓN FÍSICA
Extensión 63 páginas
Otras características físicas ilustraciones
Dimensiones 19 cm.
336 ## - TIPO DE CONTENIDO
Término de tipo de contenido texto
Código de tipo de contenido txt
Fuente rdacontent
337 ## - TIPO DE MEDIO
Nombre del tipo de medio sin mediación
Código del tipo de medio n
Fuente rdamedia
338 ## - TIPO DE SOPORTE
Nombre del tipo de soporte volumen
Código del tipo de soporte nc
Fuente rdacarrier
490 ## - • MENCIÓN DE SERIE
Mención de serie A la orilla del viento
Designación de volumen o secuencia 13
586 ## - • NOTA DE PREMIOS
Nota de premios Premio Casa de la Américas
650 10 - • PUNTO DE ACCESO ADICIONAL DE MATERIA - TÉRMINO DE MATERIA
Fuente del encabezamiento o término LEMB
Término de materia o nombre geográfico como elemento inicial Novela infantil colombiana
Subdivisión cronológica Siglo XX
650 14 - • PUNTO DE ACCESO ADICIONAL DE MATERIA - TÉRMINO DE MATERIA
Fuente del encabezamiento o término LEMB
Término de materia o nombre geográfico como elemento inicial Literatura infantil colombiana
Subdivisión cronológica Siglo XX
650 14 - • PUNTO DE ACCESO ADICIONAL DE MATERIA - TÉRMINO DE MATERIA
Fuente del encabezamiento o término LEMB
Término de materia o nombre geográfico como elemento inicial Indígenas
Subdivisión de forma Novela
650 14 - • PUNTO DE ACCESO ADICIONAL DE MATERIA - TÉRMINO DE MATERIA
Fuente del encabezamiento o término LEMB
Término de materia o nombre geográfico como elemento inicial Niños
Subdivisión de forma Novela
700 1# - • PUNTO DE ACCESO ADICIONAL - NOMBRE DE PERSONA
Nombre de persona Watanabe, Emilio
Término indicativo de función ilustrador
942 ## - ENTRADA DE ELEMENTOS AGREGADOS (KOHA)
Fuente de clasificaión o esquema
Koha [por defecto] tipo de item Libro Literatura
Existencias
Perdido Fuente de clasificación o esquema Estado Físico No para préstamo Forma de adquisición Localización permanente Localización actual Localización en estanterías Fecha adquisición Préstamos totales Signatura completa Código de barras Fecha última consulta Número de copia Fecha del precio de reemplazo Tipo de item de Koha Fecha último préstamo Serie de enumeración / cronolog&íacute;a Note pública
  Dewey Decimal Classification     Infantil Biblioteca Pública Cubarral Biblioteca Pública Cubarral Sala Infantil 07/18/2023   N BER1 CUB00165 07/18/2023 Ej.1 07/18/2023 Libro Literatura      
  Dewey Decimal Classification       Biblioteca Pública Fuentedeoro - Henry Llanos García Biblioteca Pública Fuentedeoro - Henry Llanos García Sala Infantil 02/28/2025   N BER1 Fo00001995 02/28/2025 Ej.1 02/28/2025 Libro Infantil      
        Colección Sala Infantil de Literatura Pocatil y Tilín Biblioteca Pública Departamental Eduardo Carranza - Villavicencio Biblioteca Pública Departamental Eduardo Carranza - Villavicencio Sala Infantil 08/18/2004   N BER1 ECA15903 11/26/2024 Ej.1 11/26/2024 LIbro   Vol.1 176 | 201
  Dewey Decimal Classification     Infantil Biblioteca Pública Guamal Biblioteca Pública Guamal Sala Infantil 02/21/2023   N BER1 GUA001648 02/21/2023 Ej.1 02/21/2023 Libro Infantil      
  Dewey Decimal Classification     Infantil Biblioteca Pública La Macarena Biblioteca Pública La Macarena Sala Infantil 08/01/2024   N BER1 LM001585 08/01/2024 Ej.1 08/01/2024 Libro Literatura      
  Dewey Decimal Classification     Infantil Biblioteca Pública Mapiripan Biblioteca Pública Mapiripan Sala Infantil 01/24/2024   N BER1 MAP00003552 01/24/2024 Ej.1 01/24/2024 Libro Literatura      
  Dewey Decimal Classification     Infantil Biblioteca Pública Mesetas - Franco lodo Poloxi Biblioteca Pública Mesetas - Franco lodo Poloxi Sala Infantil 08/12/2025   N BER1 ME01437 02/28/2025 Ej.1 02/28/2025 Libro Literatura      
  Dewey Decimal Classification     Infantil Biblioteca Pública San Juanito - Ernesto Maria Peña Romero Biblioteca Pública San Juanito - Ernesto Maria Peña Romero Sala Infantil 10/03/2024 1 N BER1 SJU01047 03/05/2026 Ej.1 10/03/2024 LIbro 03/05/2026    









Instituto Departamental de Cultura del Meta - Red Departamental de Bibliotecas Públicas del Meta.